[Event "POL-chT3 U19 Slaska"]
[Site "Slask"]
[Date "2007.03.17"]
[Round "5.10"]
[White "Goc, Rafal"]
[Black "Staron, Szymon"]
[Result "0-1"]
[WhiteElo "1600"]
[BlackElo "1600"]
[PlyCount "115"]
[EventDate "2007.01.27"]
[EventType "team-tourn"]
[EventRounds "11"]
[EventCountry "POL"]
[SourceTitle "EXT 2019"]
[Source "ChessBase"]
[SourceDate "2018.10.10"]
[SourceVersion "1"]
[SourceVersionDate "2018.10.10"]
[SourceQuality "1"]
[WhiteTeam "Tychy Jedynka U19"]
[BlackTeam "Cieszyn MUKS SZS U19"]
[WhiteTeamCountry "POL"]
[BlackTeamCountry "POL"]

1. d4 e6 2. c4 Nf6 3. Nc3 Bb4 4. Bg5 b6 5. e4 h6 6. Bxf6 Qxf6 7. e5 Qe7 8. a3 Bxc3+ 9. bxc3 c5 10. Nf3 Bb7 11. g3 0-0 12. Bg2 Rd8 13. 0-0 Nc6 14. Re1 d6 15. Ra2 Rd7 16. Rd2 Rad8 17. Nh4 Na5 18. Bxb7 Nxb7 19. f4 Na5 20. Qa4 dxe5 21. fxe5 cxd4 22. Red1 Qc5 23. cxd4 Qxc4 24. Qxc4 Nxc4 25. Re2 Nxa3 26. Nf3 Nb5 27. Red2 a5 28. Rb2 Nxd4 29. Nxd4 Rxd4 30. Rxd4 Rxd4 31. Rxb6 Rd5 32. Ra6 Rxe5 33. Kf2 Kh7 34. Ra7 Kg6 35. h4 h5 36. Kf3 Kf6 37. Kf4 g5+ 38. Kf3 gxh4 39. gxh4 Rf5+ 40. Ke3 Ke5 41. Rxa5+ Kf6 42. Ra4 Kg6 43. Ra8 Kf6 44. Ra4 e5 45. Ra6+ Kg7 46. Ra4 f6 47. Ra7+ Kg6 48. Ra4 Rf1 49. Ke2 Rf4 50. Rxf4 exf4 51. Kf2 Kf5 52. Kf3 Ke5 53. Kg2 Ke4 54. Kf2 f3 55. Kf1 Ke3 56. Ke1 f2+ 57. Kf1 f5 58. Kg2 0-1